| 000 | 00444nam a2200157Ia 4500 | ||
|---|---|---|---|
| 008 | 131103s9999 xx 000 0 und d | ||
| 020 | _cRs. 100 | ||
| 040 | _aLoreto College | ||
| 041 | _aEnglish | ||
| 082 |
_a954/BAG _bLCLIB/42636 |
||
| 245 |
_aIntroducing India _cEdited by K.N. Bagchi, W.G. Griffiths |
||
| 260 |
_aCalcutta _bThe Asiatic Society _c1947 (rep 1990) |
||
| 650 | _aIndia, History | ||
| 700 | _aBagchi, K.N., ed | ||
| 942 | _cBK | ||
| 999 |
_c2367 _d52846 |
||